000 00286nam a2200109Ia 4500
008 190914s9999||||xx |||||||||||||| ||und||
100 _aDr.Abdul Wahab
245 2 _aA Historical Survey of Theory on the Consumer Interest
260 _aKarachi
_bIBA
_c2006
300 _a400
942 _cBK
999 _c9834
_d9834